[Event "BL 2016-17"]
[Site "Berlin"]
[Date "2017.04.29"]
[Round "13"]
[White "Heinemann, Thies"]
[Black "Koop, Thorben"]
[Result "1-0"]
[WhiteElo "2470"]
[BlackElo "2398"]
[Annotator "TA"]
[PlyCount "69"]
[EventDate "2017.??.??"]
[EventType "team-tourn"]
[EventCountry "GER"]
[SourceTitle "playchess.com"]
[Source "ChessBase"]
[SourceQuality "1"]
[WhiteTeam "Hamburger SK"]
[BlackTeam "Werder Bremen"]

{[%evp 21,69,0,0,-17,-11,-24,0,-40,0,-42,0,-21,0,0,0,0,0,0,45,37,44,42,44,40,39,19,185,182,194,187,190,144,149,92,147,141,143,152,253,253,235,246,390,252,356,362,29986,29987,12840,12433]} 1. e4 c5 2. Nf3 e6 3. d3 d5 4. Qe2 Nf6 5. g3 Be7 6. Bg2 Nc6 7. O-O O-O 8. e5 Nd7 9. c4 d4 10. h4 Qc7 {C00: French: Unusual White 2nd moves} (10... b6 11. Ng5 Bb7 12. Bf4 Qc7 13. Nd2 Bxg5 14. hxg5 Ne7 15. Ne4 Ng6 16. Nd6 Bxg2 17. Kxg2 f6 18. gxf6 gxf6 {½-½ (68) Jones,G (2650)-Pantsulaia,L (2612) Almaty 2016}) 11. Bf4 Rb8 {LiveBook: 4 Games} 12. Na3 a6 {The position is equal.} 13. h5 $146 (13. Nc2 b5 14. b3 Bb7 15. Rfe1 Ba8 16. h5 bxc4 17. dxc4 Rfd8 18. Rad1 {1-0 (41) Gonzalez,R (2485)-Funderburg,J (2109) Las Vegas 2010}) 13... b5 14. Rfe1 Re8 15. Nh2 Na5 16. Ng4 Bb7 17. Bxb7 Qxb7 18. Bd2 Qc7 19. b3 bxc4 {[#] Threatens to win with ...c3.} (19... h6 $5 {looks sharper.} 20. Qe4 b4 21. Nc2 Qc6 22. Qe2 Qc7) 20. Bxa5 Qxa5 21. Nxc4 Qc7 22. h6 g6 $1 23. Qd2 f5 $2 (23... Rb4 $11 {and Black has nothing to worry.}) 24. exf6 $1 $18 Nxf6 {[#]} 25. Qe2 $1 {[%cal Re2e6]} Bd8 26. Nxf6+ Bxf6 27. f4 ({Better is} 27. Qf3 Bg5 28. Re5 Bxh6 29. Rae1) 27... Qc6 (27... e5 $142) 28. Qg4 $16 Qd5 29. Ne5 Bxe5 (29... Kf8 $16 30. Re2 Re7) 30. Rxe5 $18 Qd6 31. Rc1 Rb5 (31... Rbc8 {was called for.} 32. Qg5 Qf8 33. Rexc5 (33. Rcxc5 Rxc5 34. Rxc5 Kf7 $18) 33... Rxc5 34. Rxc5 (34. Qxc5 Qxh6 35. Kg2 Qf8 $16) 34... Kf7) 32. Qg5 Rf8 (32... Kf7 $142 33. Rcxc5 (33. Rexc5 Rc8 34. b4 Rbxc5 35. bxc5 Qd5 $16) 33... Rb7) 33. Rexc5 ({Weaker is} 33. Rcxc5 Rxc5 34. Rxc5 Rf5 35. Rc8+ Kf7 $18) 33... Rf5 $2 (33... Rxc5 $18 34. Qxc5 (34. Rxc5 Rf5 35. Rc8+ Kf7 $18) 34... Qxc5 35. Rxc5 Rf6) 34. Rc8+ Rf8 35. Qf6 1-0

[Event "BL 2016-17"]
[Site "Berlin"]
[Date "2017.04.29"]
[Round "13"]
[White "Jaracz, Pawel"]
[Black "Braga, Fernando"]
[Result "1-0"]
[WhiteElo "2469"]
[BlackElo "2410"]
[Annotator "TA"]
[PlyCount "66"]
[EventDate "2017.??.??"]
[EventType "team-tourn"]
[EventCountry "GER"]
[SourceTitle "playchess.com"]
[Source "ChessBase"]
[SourceQuality "1"]
[WhiteTeam "SG Trier"]
[BlackTeam "Aufwärts Aachen"]

{[%evp 26,66,-5,-49,51,25,21,17,32,0,5,-37,-25,-14,-42,-39,0,0,64,64,75,67,84,79,87,86,70,75,79,68,68,68,54,63,59,0,0,-6,-2,-100,-91,-137,-135]} 1. c4 c5 2. Nf3 Nf6 3. Nc3 Nc6 4. d4 cxd4 5. Nxd4 g6 6. Nc2 Bg7 7. e4 d6 8. Be2 O-O 9. O-O Nd7 {[%cal Bf6d7,Bd7c5,Bc5e4][%mdl 32]} 10. Bd2 Nc5 11. b4 Bxc3 {B37: Sicilian: Maroczy Bind with 5...Bg7, sidelines} (11... Ne6 12. Rc1 a5 13. a3 axb4 14. axb4 Ned4 15. Nxd4 Nxd4 16. Be3 Nxe2+ 17. Qxe2 Bxc3 18. Rxc3 f6 19. Rd1 Be6 20. c5 {1-0 (31) Grandelius,N (2642)-Nielsen,P (2645) Sweden 2017}) 12. Bxc3 Nxe4 13. Bb2 e5 14. Qe1 {LiveBook: 3 Games} Qe7 $146 (14... Be6 $15) (14... Be6 15. f3 Qb6+ 16. Kh1 Nc5 17. Rb1 Na4 18. Ba1 Bf5 19. Qd2 {½-½ (57) Levin,F (2497)-Codenotti,M (2390) Ortisei 2013}) 15. Bd3 f5 {[%cal Bf7f5,Bf5e4][%mdl 32]} 16. Rd1 Be6 17. Bxe4 fxe4 18. Ne3 a5 19. a3 axb4 20. axb4 Rfd8 21. Nd5 Qf7 (21... Bxd5 $11 22. cxd5 Nd4 $1 {[%mdl 512]}) 22. Qxe4 Ra2 23. Qb1 $36 {[%mdl 2048] White is more active.} Raa8 {[#]} 24. f4 $1 {[%cal Rf4e5]} Qf5 25. Qc1 Bxd5 26. cxd5 Nd4 27. Qe3 Nc2 28. Qd2 {Threatens to win with Rc1.} Qe4 {Strongly threatening ...Ne3.} 29. fxe5 dxe5 30. Rf2 (30. d6 $1 $14) 30... Nd4 $11 ({Wrong is} 30... Ne3 $2 31. Re1 $18) 31. Bxd4 Rxd5 32. Rdf1 ({Much weaker is} 32. Qh6 exd4 33. h3 Rdd8 $17) (32. Qb2 $11 Rxd4 33. Qb3+ Kh8 34. Rdf1) 32... Qxd4 $17 33. Qh6 Rdd8 {[%mdl 32768] Loss on Time!?} ({Inferior is} 33... Kh8 34. h3 e4 35. Kh2 $16) 1-0

[Event "BL 2016-17"]
[Site "Berlin"]
[Date "2017.04.29"]
[Round "13"]
[White "Baldauf, Marco"]
[Black "Von Herman, Ulf"]
[Result "1/2-1/2"]
[WhiteElo "2456"]
[BlackElo "2346"]
[Annotator "TA"]
[PlyCount "68"]
[EventDate "2017.??.??"]
[EventType "team-tourn"]
[EventCountry "GER"]
[SourceTitle "playchess.com"]
[Source "ChessBase"]
[SourceQuality "1"]
[WhiteTeam "SF Berlin"]
[BlackTeam "König Tegel"]

{[%evp 16,68,18,27,19,16,15,19,34,0,15,0,30,14,34,0,0,0,0,-12,0,-11,-18,-20,-12,-12,-8,-6,-6,-15,-10,-9,-17,-12,-8,-8,-9,-36,-15,-21,0,-30,0,-20,-10,-12,-4,-12,0,-18,-12,-14,0,-18,0]} 1. c4 c5 2. Nf3 Nc6 3. d4 cxd4 4. Nxd4 Nf6 5. Nc3 e6 6. Bf4 d5 7. e3 {A33: Symmetrical English: 2 Nf3 Nf6 3 d4 cxd4 4 Nxd4 e6 5 Nc3 Nc6} Bb4 8. Be2 (8. Nxc6 bxc6 9. Qa4 Bxc3+ 10. bxc3 O-O 11. Be2 Ne4 12. Rc1 Qe7 13. cxd5 cxd5 14. Qb4 Qf6 {½-½ (30) Gelfand,B (2721)-Vachier Lagrave,M (2796) Caleta 2017}) 8... O-O 9. O-O {LiveBook: 3 Games} dxc4 10. Nxc6 bxc6 11. Bxc4 $146 (11. Qa4 Qb6 12. Bxc4 Nd5 13. Rac1 Nxf4 14. exf4 Bb7 {½-½ (53) Huzman,A (2580)-Moiseenko,A (2692) Berlin 2015}) 11... Nd5 12. Ne4 Nxf4 13. exf4 a5 14. Rc1 a4 15. Qxd8 Rxd8 16. Rfd1 Bd7 17. Rd3 {And now Rcd1 would win.} Be8 18. Rxd8 (18. Kf1 $5 {creates asymmetry.} Be7 19. g3 Rdb8 20. Rc2 c5 21. Nd6) 18... Rxd8 19. a3 Be7 20. Kf1 Rb8 21. Rc2 h6 22. Ke2 g5 23. fxg5 hxg5 24. f3 Kg7 25. Kd1 c5 26. Ba2 Rb5 27. Bc4 Rb8 28. Ba2 Rb5 29. Re2 {The position is equal.} Bc6 30. Kc2 Ra5 31. Bc4 Ra8 32. h3 Rb8 33. Kc1 Rb6 34. Kc2 Rb8 1/2-1/2

[Event "BL 2016-17"]
[Site "Berlin"]
[Date "2017.04.29"]
[Round "13"]
[White "Krassowizkij, Jaroslaw"]
[Black "Wagner, Dennis"]
[Result "1/2-1/2"]
[WhiteElo "2453"]
[BlackElo "2577"]
[Annotator "TA"]
[PlyCount "74"]
[EventDate "2017.??.??"]
[EventType "team-tourn"]
[EventCountry "GER"]
[SourceTitle "playchess.com"]
[Source "ChessBase"]
[SourceQuality "1"]
[WhiteTeam "Griesheim"]
[BlackTeam "Hockenheim"]

{[%evp 24,74,15,18,2,3,11,-26,-22,-45,-41,-40,-37,-21,-22,-35,-23,-64,-53,-87,-85,-88,-80,-87,-70,-73,-72,-81,-87,-99,-96,-93,-76,-73,-83,-82,-64,-60,-13,-64,0,0,0,-6,0,0,0,0,0,0,0,0,0]} 1. d4 Nf6 2. c4 e6 3. Nc3 Bb4 4. e3 O-O 5. Bd3 d5 6. Nf3 b6 7. O-O Bb7 8. cxd5 exd5 9. a3 Bd6 10. b4 Nbd7 11. Qb3 c6 12. e4 {E52: Nimzo-Indian: Rubinstein: 4...0-0 5 Nf3 d5 6 Bd3 b6} (12. a4 a5 13. bxa5 Rxa5 14. Ba3 Qe7 15. Bxd6 Qxd6 16. Rab1 Ba6 17. Bxa6 Rxa6 18. Rfc1 Rfa8 19. h3 g6 {½-½ (37) Yu,Y (2750)-Adams,M (2761) Shenzhen 2017}) 12... dxe4 13. Nxe4 {LiveBook: 3 Games} Nxe4 14. Bxe4 h6 15. b5 $146 (15. Bb2 Nf6 16. Bc2 a5 17. Ne5 Nd5 18. Qf3 Qc7 19. b5 Rad8 20. bxc6 Bxc6 {1-0 (35) Comas Fabrego,L (2490)-Schandorff,L (2563) Istanbul 2003}) 15... Qc7 16. Bb2 Nf6 17. Bxc6 Bxc6 18. bxc6 Qxc6 19. a4 Qd5 20. Qxd5 Nxd5 21. Ba3 Bxa3 22. Rxa3 Rac8 23. Re1 Rc2 24. g3 Rfc8 25. Re5 Rd8 26. Kf1 f6 27. Re2 Rdc8 28. Rxc2 Rxc2 $17 {[%mdl 4096] Endgame KRN-KRN} 29. Nh4 Nc3 30. Nf5 Ne4 31. f3 (31. Ke1 $11) 31... Nd2+ (31... Rc3 $15 32. Rxc3 Nxc3) 32. Ke1 $11 {The position is equal.} Nc4 33. Rd3 Kf7 34. d5 Rc1+ 35. Ke2 Rc2+ 36. Ke1 Rc1+ 37. Ke2 Rc2+ 1/2-1/2

[Event "BL 2016-17"]
[Site "Berlin"]
[Date "2017.04.29"]
[Round "13"]
[White "Nemeth, Miklos"]
[Black "Kasimdzhanov, Rustam"]
[Result "1/2-1/2"]
[WhiteElo "2449"]
[BlackElo "2698"]
[Annotator "TA"]
[PlyCount "226"]
[EventDate "2017.??.??"]
[EventType "team-tourn"]
[EventCountry "GER"]
[SourceTitle "playchess.com"]
[Source "ChessBase"]
[SourceQuality "1"]
[WhiteTeam "Speyer-Schwegenheim"]
[BlackTeam "Baden-Baden"]

{[%evp 20,226,0,-18,5,-33,-31,-33,-32,-32,-31,-32,-33,-37,-31,-35,-32,-35,-18,-33,-6,-46,-35,-48,-23,-29,-9,-25,-8,-27,-26,-37,0,0,0,0,0,-35,-22,-58,0,0,0,0,0,0,14,8,8,10,17,0,0,0,0,0,0,0,0,0,0,0,0,0,0,0,0,0,0,0,0,0,0,0,0,0,0,0,0,0,0,0,0,0,0,0,0,0,0,0,0,0,0,0,0,0,0,0,0,0,0,0,0,0,0,0,0,0,0,0,0,0,0,0,0,0,0,0,0,0,0,0,0,0,0,0,0,0,0,0,0,0,0,0,0,0,0,0,0,0,0,0,0,0,0,0,0,0,0,0,0,0,0,0,0,0,0,0,0,0,0,0,0,0,0,0,0,0,0,0,0,0,0,0,0,0,0,0,0,0,0,0,13,13,13,0,0,0,0,0,0,0,0,0,0,0,0,0,0,0,0,0,0,0,0,0,0,0,0]} 1. e4 c6 {[%cal Bc7c6,Bc6c5][%mdl 32]} 2. d4 d5 3. e5 Bf5 4. Nf3 e6 5. Be2 c5 6. Be3 Qb6 7. b3 Nc6 {B12: Caro-Kann: Advance Variation} 8. O-O cxd4 9. Nxd4 Nxd4 10. Bxd4 (10. Qxd4 Qxd4 11. Bxd4 Ne7 12. Bb5+ Nc6 13. c4 a6 14. Bxc6+ bxc6 15. c5 {1-0 (41) Feuerstack,A (2418)-Svane,R (2427) Lueneburg 2013}) 10... Bc5 11. Bb2 {LiveBook: 4 Games} a6 12. Nd2 Ne7 13. Nf3 O-O 14. a3 $146 (14. Bd3 Rac8 15. Bxf5 Nxf5 {1-0 (32) Markovic,I (2276)-Mlynek,P (2199) Czechia 1999}) 14... Qc7 {And now ...Bxc2! would win.} 15. Bd3 Rac8 16. Rc1 Rfd8 17. h3 Be4 18. Qe2 Nf5 19. Kh2 Bxd3 20. Qxd3 h6 21. Rce1 b5 22. Re2 d4 23. Qe4 Rd5 24. g4 Ne7 $1 25. Kg2 {[%cal Rf3d4]} ({Don't go for} 25. Nxd4 $2 {[#]} Rxe5 $1 {[%mdl 512]} 26. Qxe5 Bd6 $19) 25... g5 26. h4 $1 {[%cal Rh4g5]} ({Don't capture} 26. Bxd4 $2 Bxd4 27. Nxd4 Ng6 $19) 26... Ng6 {[#] Hoping for ...Nf4+.} 27. hxg5 hxg5 {White must now prevent ...Nf4+.} 28. Bc1 Be7 29. Rh1 d3 (29... Qc6 $15) 30. cxd3 $11 {The position is equal.} Qxc1 31. Rxc1 Rxc1 32. Re1 Rxe1 33. Nxe1 Rxe5 34. Qa8+ Kg7 35. Nf3 Nf4+ 36. Kg1 Rd5 37. d4 Bxa3 38. Qxa6 Be7 39. Qa7 Bf6 40. Kh2 Ne2 41. Qa2 Nxd4 42. Nxd4 Bxd4 {[%mdl 4096] Endgame KQ-KRB} 43. Qe2 Kf6 44. Kg2 Ke7 45. Qa2 Be5 46. Kf1 Kf6 47. Qc2 Kg7 48. Qe4 Bc3 49. f4 gxf4 50. Qxf4 Bf6 51. Ke2 Rd4 52. Qf3 b4 53. Qg3 Kg6 54. Qh3 Rd5 55. Qh1 Bc3 56. Qe4+ Kg7 {Strongly threatening ...Re5.} 57. Kf3 Rd1 58. Qe2 Rd2 59. Qe3 Rd5 60. Qf4 Re5 61. Qc4 Rg5 62. Qf4 Ra5 63. Qc4 Rd5 64. Qf4 Bd2 65. Qe4 Kf6 66. Qc4 Bc3 67. Qf4+ Ke7 68. Qc7+ Kf8 69. Qb8+ Kg7 70. Qf4 Rd3+ 71. Ke2 Rd4 72. Qg5+ Kf8 73. Qc5+ Ke8 74. Kf3 Rd3+ 75. Ke4 Rh3 76. Qd6 Rh1 77. Kf3 Rf1+ 78. Ke2 Re1+ 79. Kf2 Re5 80. Kf3 Rd5 81. Qc7 Kf8 82. Qb8+ Kg7 83. Qf4 Bd4 84. Qe4 Bc5 85. Qc4 Bd6 86. Qe4 Kg8 87. Kg2 Rc5 88. Qa8+ Bf8 89. Qd8 Rd5 90. Qf6 Bc5 91. Qf4 Bd6 92. Qf6 Bc5 93. Qf4 Kg7 94. Qe4 Be7 95. Kf3 Rc5 96. Qd4+ Kg8 97. Kg2 Rc2+ 98. Kf1 Rc3 99. Qa7 Bf8 100. Qa5 f6 101. Qh5 {With the idea Qg6+.} Kg7 $1 (101... Rxb3 102. Qg6+ Bg7 103. Qe8+ Kh7 104. Qxe6 $16) 102. g5 fxg5 $1 103. Qxg5+ Kf7 104. Qh5+ Kf6 105. Qh8+ Ke7 106. Qh4+ Kd7 107. Qd4+ Bd6 108. Qa7+ Kc6 109. Ke2 Kd5 110. Qb7+ Ke5 111. Qg7+ Ke4 112. Qd7 Kd5 113. Qb7+ Ke5 1/2-1/2

[Event "BL 2016-17"]
[Site "Berlin"]
[Date "2017.04.29"]
[Round "13"]
[White "Maiwald, Jens-Uwe"]
[Black "Gharamian, Tigran"]
[Result "1/2-1/2"]
[WhiteElo "2448"]
[BlackElo "2625"]
[Annotator "TA"]
[PlyCount "42"]
[EventDate "2017.??.??"]
[EventType "team-tourn"]
[EventCountry "GER"]
[SourceTitle "playchess.com"]
[Source "ChessBase"]
[SourceQuality "1"]
[WhiteTeam "TU Dresden"]
[BlackTeam "Schwäbisch Hall"]

{[%evp 23,42,18,20,17,6,5,14,10,9,4,10,0,0,0,0,0,0,0,0,0,-1]} 1. d4 Nf6 2. c4 g6 3. Nc3 d5 4. Bf4 Bg7 5. e3 c5 6. dxc5 Qa5 7. Rc1 dxc4 8. Bxc4 O-O 9. Nf3 Qxc5 10. Bb3 Nc6 11. O-O Qa5 12. h3 Bf5 {LiveBook: 343 Games. The position is equal.} 13. Bc4 {D93: Grünfeld: 4 Nf3 Bg7 5 Bf4 0-0 6 e3} Rad8 14. Qb3 {Threatens to win with Ng5.} Qb4 15. Rcd1 {aiming for Bxf7+!} Qxb3 16. Bxb3 h6 17. Ne5 (17. g4 $5 {with more complications.} Bd3 18. Rfe1 g5 19. Bc7 Rd7 20. Bg3) 17... Nxe5 18. Bxe5 Ne4 19. Bxg7 Kxg7 20. Nxe4 Bxe4 21. f3 {[#]} Bc6 $146 1/2-1/2

[Event "BL 2016-17"]
[Site "Berlin"]
[Date "2017.04.29"]
[Round "13"]
[White "Lindgren, Philip"]
[Black "Zysk, Robert"]
[Result "1/2-1/2"]
[WhiteElo "2427"]
[BlackElo "2407"]
[Annotator "TA"]
[PlyCount "45"]
[EventDate "2017.??.??"]
[EventType "team-tourn"]
[EventCountry "GER"]
[SourceTitle "playchess.com"]
[Source "ChessBase"]
[SourceQuality "1"]
[WhiteTeam "Bayern München"]
[BlackTeam "Zugzwang München"]

{[%evp 20,45,15,0,0,-6,-2,4,-3,-4,0,-67,-65,-53,-28,-34,-33,-34,-31,-25,-35,-34,9,-22,0,0,41,-87]} 1. e4 e6 2. d4 d5 3. Nd2 c5 4. Ngf3 cxd4 5. Nxd4 Nc6 6. Bb5 Bd7 7. Nxc6 bxc6 8. Bd3 Qc7 9. Qe2 {C07: French Tarrasch: 3...c5, 4 Ngf3 and 4 exd5 Qxd5} Ne7 10. Nf3 Ng6 11. e5 {LiveBook: 7 Games. The position is equal.} c5 12. c3 $146 (12. c4 dxc4 13. Bxc4 Bc6 14. O-O Rb8 15. Re1 Be7 16. b3 O-O {0-1 (25) Shanava,K (2516)-Sutovsky,E (2622) Tbilisi 2016}) 12... Be7 13. h4 f6 14. exf6 gxf6 15. Bb5 ({White should play} 15. O-O $11) 15... Bxb5 $15 16. Qxb5+ Kf7 17. h5 Ne5 18. Qe2 Nxf3+ 19. Qxf3 Qe5+ 20. Kf1 Rad8 21. Bd2 d4 22. c4 Qd6 23. Qd1 (23. g4 $14 {keeps the upper hand.}) 1/2-1/2

[Event "BL 2016-17"]
[Site "Berlin"]
[Date "2017.04.29"]
[Round "13"]
[White "Walter, Stefan"]
[Black "Banusz, Tamas"]
[Result "0-1"]
[WhiteElo "2416"]
[BlackElo "2613"]
[Annotator "TA"]
[PlyCount "106"]
[EventDate "2017.??.??"]
[EventType "team-tourn"]
[EventCountry "GER"]
[SourceTitle "playchess.com"]
[Source "ChessBase"]
[SourceQuality "1"]
[WhiteTeam "Griesheim"]
[BlackTeam "Hockenheim"]

{[%evp 17,106,24,46,-8,-9,-23,-14,-28,20,23,33,12,14,-3,37,-8,0,-42,-30,-33,-20,-55,-14,-35,-22,-58,-58,-50,-45,-57,-64,-54,-26,-30,-8,-15,27,-93,-89,-105,-105,-121,-115,-115,-111,-162,-162,-162,-161,-162,-160,-154,-61,-107,-107,-107,-77,-77,-57,-208,-159,-178,-178,-200,-73,-422,-391,-488,-408,-387,-152,-577,-414,-580,-560,-537,-549,-559,-562,-603,-583,-587,-593,-560,-530,-583,-609,-558,-529,-29986,-29987]} 1. d4 Nf6 2. c4 e6 3. g3 d5 4. Nf3 Bb4+ 5. Bd2 Be7 6. Bg2 O-O 7. O-O Nbd7 8. Qc2 Ne4 9. Bf4 c6 10. Ne5 {E08: Closed Catalan: Main Line: 7 Qc2} (10. h4 $14) ({Relevant:} 10. Nc3 g5 11. Bc1 f5 12. b3 b6 13. Bb2 Bb7 14. Rad1 Qe8 15. Nd2 Nd6 16. Ba3 Rc8 17. Rfe1 Nf7 18. Qb2 {½-½ (30) So,W (2822)-Nakamura,H (2793) Saint Louis 2017}) 10... g5 $11 11. Be3 Nd6 $146 ({Predecessor:} 11... f5 12. Nd3 h6 13. f3 Nef6 14. Nd2 Re8 15. Bf2 Bf8 16. e4 dxe4 17. fxe4 Ng4 {0-1 (58) Kappeler,K (2241)-Bellahcene,B (2493) Basel 2017}) 12. cxd5 {The position is equal.} cxd5 13. Nc3 Kh8 14. Rad1 f6 15. Nf3 (15. Nd3 $5 {is interesting.} Nf5 16. Qc1 Nb8 17. f4 g4 18. Bf2) 15... b6 16. Bc1 Bb7 17. Nd2 f5 18. a4 a5 19. Rfe1 Bf6 20. Ndb1 Rc8 21. Qd3 Nb8 {[%cal Bd7b8,Bb8c6,Bc6b4][%mdl 32]} 22. Nb5 Nc6 23. N1c3 Ba6 $36 {[%mdl 2048] White is under pressure.} 24. e3 Nb4 25. Qb1 Nf7 26. f3 g4 27. f4 (27. fxg4 $1 $11 fxg4 28. e4) 27... h5 $17 {[%cal Bh7h5,Bh5h4][%mdl 32]} 28. Bf1 h4 29. Na2 Nxa2 30. Qxa2 Kg7 31. b3 (31. Bd2 $17) 31... Rh8 $19 32. Ba3 Bxb5 33. axb5 Be7 34. Rc1 {[#] Black must now prevent Rxc8.} Qd7 (34... hxg3 $17 35. Rxc8 Qxc8 36. Bxe7 Qc7 37. hxg3 Qxe7) 35. Qb2 Bxa3 36. Qxa3 hxg3 37. hxg3 Nd6 38. Bd3 $2 (38. Rxc8 $15 Rxc8 39. Rc1) 38... Kf6 39. Rxc8 Nxc8 40. Qb2 Rh3 (40... Qh7 $19 {and Black stays clearly on top. ( -> ...Qh1+)} 41. Qg2 Qc7) 41. Qa3 $2 {[%mdl 8192]} (41. Bf1 $17 {nothing else works.} Rh8 42. Re2) 41... Rxg3+ 42. Kf2 Rf3+ 43. Ke2 {[#] aiming for Qf8+.} Qd6 $2 ({Not} 43... Nd6 44. Rh1 $19) (43... Qd8 $19 {Strongly threatening ...Rh3.} 44. Qc1 Rh3) 44. Qxd6 $2 (44. Qc1 $17 Ne7 45. Rh1) 44... Nxd6 $17 {[%mdl 4096] Endgame KRB-KRN} 45. Rh1 (45. Rc1 $142) 45... Kg7 $19 (45... Rh3 $2 46. Rxh3 gxh3 47. Kf2 $17) 46. Rh5 Kg6 47. Rg5+ Kf6 48. Rh5 Ne4 (48... Rh3 $2 49. Rxh3 gxh3 50. Kf2 $19) 49. Bxe4 dxe4 50. Rh6+ Kf7 51. Rh7+ Kg6 52. Rh1 g3 53. Rf1 Rxf1 0-1

[Event "BL 2016-17"]
[Site "Berlin"]
[Date "2017.04.29"]
[Round "13"]
[White "Zwirs, Nico"]
[Black "Nikolic, Predrag"]
[Result "0-1"]
[WhiteElo "2409"]
[BlackElo "2609"]
[Annotator "TA"]
[PlyCount "80"]
[EventDate "2017.??.??"]
[EventType "team-tourn"]
[EventCountry "GER"]
[SourceTitle "playchess.com"]
[Source "ChessBase"]
[SourceQuality "1"]
[WhiteTeam "Mülheim Nord"]
[BlackTeam "Solingen"]

{[%evp 12,80,36,20,25,18,18,-1,14,0,0,0,0,0,0,-21,-19,-12,0,-14,0,-7,-15,-6,-12,-41,-27,-41,46,34,22,-89,-89,-87,-83,-83,-70,-99,-91,-117,-102,-100,-95,-101,-107,-108,-91,-128,-137,-189,-205,-234,-209,-224,-222,-250,-231,-330,-329,-424,-391,-361,-320,-29979,-29980,-29991,-29992,-29992,-29993,-29993,-29994]} 1. e4 e5 2. Nf3 Nc6 3. d4 exd4 4. Nxd4 Nxd4 5. Qxd4 Ne7 6. Be3 Nc6 {C45: Scotch Game} 7. Qd2 {LiveBook: 5 Games} Qf6 ({Relevant:} 7... Bb4 8. Nc3 O-O 9. a3 Ba5 10. Bd3 d6 11. O-O-O Ne5 12. h4 Be6 13. h5 b5 14. h6 {1-0 (54) Smeets,J (2647)-Sokolov,I (2645) playchess.com INT 2011}) 8. Nc3 Bb4 $1 {The position is equal.} 9. Bd3 $146 (9. Bc4 $5 {looks sharper.} d6 10. f4 O-O 11. O-O Be6 12. Bd3) ({Predecessor (2):} 9. a3 Bxc3 10. bxc3 d6 11. Rb1 O-O 12. Bd3 Ne5 13. h3 Qe6 14. Qe2 {½-½ (75) Radecke,P (2075)-Medancic,R (2330) Bad Wiessee 1998}) 9... b6 10. O-O Bxc3 11. bxc3 Bb7 12. f4 Qe7 13. e5 O-O-O 14. c4 f6 15. exf6 gxf6 16. Rfe1 Rhg8 17. Bf1 ({But not} 17. Bxb6 $2 Ne5 18. fxe5 Rxg2+ 19. Qxg2 Bxg2 20. Kxg2 (20. Bd4 $2 Rg8 21. Re3 Bc6+ 22. Rg3 Rxg3+ 23. hxg3 Qg7 $19) 20... cxb6 $19) 17... f5 18. Rab1 Qf6 19. c5 d5 (19... Na5 $15) 20. cxb6 (20. Bf2 $5 {is more complex.} Kb8 21. Qe2 Qg6 22. g3 Na5 23. Bg2) 20... axb6 21. c3 (21. Bf2 $11 {keeps the balance.}) 21... d4 $17 22. cxd4 Nxd4 23. Bxd4 Rxd4 24. Qc3 {[#]} Qd6 $1 {Hoping for ...Bxg2!} 25. Re6 Qxe6 26. Qxd4 Qxa2 {[%cal Rg8g2]} 27. Rb2 Qe6 28. Re2 Be4 29. Qa4 Qd5 30. Qa6+ (30. h3 $17 {was worth a try.}) 30... Kb8 $19 31. Ra2 Qd4+ 32. Kh1 Bb7 33. Qa7+ Kc8 34. h3 (34. Qa4 {keeps fighting.} Rd8 35. Ra1) 34... Rg3 {[%cal Rg3h3]} ({Stronger than} 34... Qxf4 35. Ba6 Qc1+ 36. Kh2 Qf4+ 37. Kh1 Qc1+ 38. Kh2 Qf4+ 39. Kh1 $11) 35. Kh2 Qxf4 {( -> ...Rxg2+)} 36. Kg1 {White hopes to continue with Ba6.} Rc3 {Threatens to win with ...Rc1.} 37. Ra1 $2 {[#]} (37. Rf2 $19 Qd4 38. Qa2) 37... Rxh3 $1 {[%cal Rf4e3][%mdl 512] Black mates.} 38. Ra2 (38. gxh3 Qg3+) 38... Qh2+ 39. Kf2 Rf3+ 40. Ke1 Qg3+ 0-1

[Event "BL 2016-17"]
[Site "Berlin"]
[Date "2017.04.29"]
[Round "13"]
[White "Loxine, Jakov"]
[Black "Raykhman, Alexander"]
[Result "1/2-1/2"]
[WhiteElo "2406"]
[BlackElo "2403"]
[Annotator "NA"]
[PlyCount "82"]
[EventDate "2017.??.??"]
[EventType "team-tourn"]
[EventCountry "GER"]
[SourceTitle "playchess.com"]
[Source "ChessBase"]
[SourceQuality "1"]
[WhiteTeam "TU Dresden"]
[BlackTeam "Schwäbisch Hall"]
[TimeControl "40/6000+30:3000+30"]

1. e4 {[%emt 0:00:00]} c5 {[%emt 0:00:18]} 2. Nf3 {[%emt 0:00:00]} d6 {[%emt 0:00:17]} 3. Nc3 {[%emt 0:00:16]} a6 {[%emt 0:00:50]} 4. a4 {[%emt 0:00:05]} Bg4 {[%emt 0:01:45]} 5. h3 {[%emt 0:00:26]} Bxf3 {[%emt 0:00:10]} 6. Qxf3 {[%emt 0:00:06]} Nc6 {[%emt 0:00:07]} 7. Qd1 {[%emt 0:07:12]} g6 {[%emt 0:02:04]} 8. g3 {[%emt 0:01:51]} Bg7 {[%emt 0:00:11]} 9. Bg2 {[%emt 0:00:06]} e6 {[%emt 0:00:10]} 10. O-O {[%emt 0:00:13]} Nge7 {[%emt 0:00:05]} 11. d3 {[%emt 0:01:23]} Rb8 {[%emt 0:01:20]} 12. Ne2 O-O {[%emt 0:04:43]} 13. c3 {[%emt 0:15:15]} b5 {[%emt 0:14:29]} 14. axb5 {[%emt 0:04:02]} axb5 {[%emt 0:02:48]} 15. Bg5 {[%emt 0:00:47]} h6 {[%emt 0:09:30]} 16. Be3 {[%emt 0:02:56]} b4 {[%emt 0:03:08]} 17. Ra6 {[%emt 0:21:56]} bxc3 {[%emt 0:04:22]} 18. bxc3 {[%emt 0:00:17]} Rb2 {[%emt 0:00:13]} 19. Re1 {[%emt 0:01:42]} Qb8 {[%emt 0:02:20]} 20. d4 {[%emt 0:16:54]} cxd4 {[%emt 0:00:18]} 21. Nxd4 {[%emt 0:10:10]} Rc8 {[%emt 0:00:42]} 22. Bf1 {[%emt 0:11:14]} Ne5 {[%emt 0:08:56]} 23. Qa1 {[%emt 0:04:06]} d5 {[%emt 0:07:46]} 24. Qa3 {[%emt 0:05:49]} Rb7 {[%emt 0:16:54]} 25. Ra1 {[%emt 0:00:52]} dxe4 {[%emt 0:03:10]} 26. Nb5 {[%emt 0:00:54]} Nd5 {[%emt 0:03:40]} 27. Ba7 {[%emt 0:00:39]} Rxa7 {[%emt 0:02:06]} 28. Rxa7 {[%emt 0:00:09]} Nxc3 {[%emt 0:17:36]} 29. Nxc3 {[%emt 0:01:50]} Nf3+ {[%emt 0:00:05]} 30. Kh1 {[%emt 0:01:29]} Bxc3 {[%emt 0:00:14]} 31. Ra8 {[%emt 0:00:54]} Qxa8 {[%emt 0:00:10]} 32. Qxa8 Rxa8 33. Rxa8+ {[%emt 0:00:25]} Kg7 {[%emt 0:00:13]} 34. Bg2 {[%emt 0:00:26]} Bd4 {[%emt 0:02:42]} 35. Bxf3 {[%emt 0:00:25]} exf3 {[%emt 0:00:02]} 36. Kg1 {[%emt 0:00:26]} e5 {[%emt 0:00:07]} 37. Ra3 {[%emt 0:00:03]} e4 {[%emt 0:04:30]} 38. Ra4 {[%emt 0:01:47]} e3 {[%emt 0:00:04]} 39. Rxd4 {[%emt 0:01:13]} e2 {[%emt 0:00:03]} 40. Re4 {[%emt 0:00:03]} f5 {[%emt 0:50:05]} 41. Re3 {[%emt 0:50:36]} g5 {[%emt 0:01:11]} 1/2-1/2